000 01162nam a2200301 a 4500
001 000111607
003 CHAP
005 20220329144221.0
008 150619s2015 mx sm |||||||spa d
010 _a108068
011 _a109040
040 _cCHAP
090 _aTesis
100 1 _aPérez Luna, Miriam Elizabeth
_9129512
245 1 0 _aAproximación a la cuantificación de costos de producción de alevines en el trópico:
_h[En línea]
_bcaso estudio de una empresa piscícola Brasileña /
_cpor Miriam Elizabeth Pérez Luna.
260 _aChapingo, Méx. :
_bEl autor,
_c2015.
500 _aPara ver el contenido del material haga clic en la liga
502 _aTesis (Ing. Agr. Esp. en Zootecnia) -- UACH. Departamento de Enseñanza Investigación y Servicio en Zootecnia
590 _aE5765TAJ
_b05
_c20150619
_lUCH01
_h1117
590 _aE5765TAJ
_b05
_c20150619
_lUCH01
_h1117
650 1 4 _aAlevines
_xCostos de producción.
_9129513
650 1 4 _aEmpresas
_zBrasil.
_9129514
650 1 4 _aPescado
_xMercadeo.
_987450
856 _aFinding aid
_uhttp://10.13.5.2/tesis/sist111607.pdf
_zTeclea aquí
901 _aBK
942 _cTESIS
942 _n0
999 _c108068
_d108068